Go - blink-182 Lyrics - Statistics

General Stats
  • This quiz has been taken 27 times
  • The average score is 62 of 153
Answer Stats
Answer % Correct
Are
93%
All
86%
I
86%
Of
86%
Opportunity
86%
Victims
86%
We
86%
'83
79%
Back
79%
Door
79%
In
79%
Locked
79%
Outside
79%
The
79%
Angry
64%
Heard
64%
Inside
64%
Man
64%
Of
64%
The
64%
The
64%
Voice
64%
And
57%
And
57%
I
57%
I
57%
All
50%
Away
50%
Back
50%
But
50%
Car
50%
Don't
50%
Don't
50%
Drive
50%
Eyes
50%
Fear
50%
Gave
50%
Get
50%
Hope
50%
I'm
50%
In
50%
In
50%
Inside
50%
Know
50%
Know
50%
Let's
50%
Look
50%
Mark
50%
Mom
50%
Mother's
50%
My
50%
Nowhere
50%
Of
50%
Said
50%
Saw
50%
She
50%
Sorry
50%
Stay
50%
The
50%
The
50%
Theres
50%
To
50%
Up
50%
Wanna
50%
Wanna
50%
Went
50%
A
43%
Her
43%
I
43%
And
36%
And
36%
And
36%
Away
36%
Can't
36%
Do
36%
Don't
36%
Don't
36%
Evil
36%
Get
36%
Go
36%
I
36%
I
36%
I'm
36%
In
36%
It
36%
Know
36%
Men
36%
Of
36%
See
36%
Shit
36%
That
36%
Wanna
36%
Why
36%
With
36%
World
36%
You
36%
Back
29%
Back
29%
Die
29%
Die
29%
Engine
29%
Engine
29%
Heart
29%
Heart
29%
I
29%
Inside
29%
Know
29%
Let
29%
Let
29%
On
29%
The
29%
The
29%
Turn
29%
Wanna
29%
Your
29%
A
21%
Broken
21%
Don't
21%
Don't
21%
Don't
21%
Hid
21%
Hope
21%
I
21%
I
21%
Know
21%
Know
21%
My
21%
Stop
21%
Wanna
21%
Wanna
21%
Bleeding
14%
Don't
14%
Don't
14%
Don't
14%
Don't
14%
Don't
14%
I
14%
I
14%
I
14%
I
14%
I
14%
Know
14%
Know
14%
Know
14%
Know
14%
Know
14%
Know
14%
Wanna
14%
Wanna
14%
Wanna
14%
Wanna
14%
Wanna
14%
Wanna
14%
No matching quizzes found
Score Distribution
Percent of People with Each Score
Percentile by Number Answered
Your Score History
You have not taken this quiz